Intuitive system for data anlysis and visualization using machine learning

Salvato in:
Dettagli Bibliografici
Autore principale: Somrak, Kamil-Martin (Autore)
Altri autori: Lehoczký, Peter (Relatore della tesi)
Natura: Manoscritto Libro
Lingua:slovacco
inglese
Pubblicazione: 2024
Soggetti:
Accesso online:http://is.stuba.sk/zp/portal_zp.pl?podrobnosti=169857
Tags: Aggiungi Tag
Nessun Tag, puoi essere il primo ad aggiungerne!!

MARC

LEADER 00000ntm a22000003a 4500
001 stuzp94871
003 SK-STU
005 20240608210439.7
007 ta
008 150427s2015----xo-----f-mn---000-0-slo-d
040 |a STU  |b slo 
041 0 |a eng 
100 1 |a Somrak, Kamil-Martin  |u 070400  |4 aut  |U FIIT Fakulta informatiky a informačných technológií  |T FIIT Ústav počítačového inžinierstva a aplikovanej informatiky  |X 98887  |U I400  |Y 672  |7 98887 
242 0 1 |a Intuitívny systém pre spracovanie a vizualizáciu dát za pomoci strojového učenia  |y slo 
245 1 0 |a Intuitive system for data anlysis and visualization using machine learning 
260 |c 2024 
650 4 |a Strojové Učenie  |2 slo 
650 4 |a Vizualizácia dát  |2 slo 
650 4 |a AI Engine  |2 slo 
650 4 |a Machine Learning  |2 eng 
650 4 |a Data Visualisation  |2 eng 
650 4 |a AI Engine  |2 eng 
700 1 |a Lehoczký, Peter  |u 070400  |k Z8  |4 ths  |U FIIT Fakulta informatiky a informačných technológií  |T FIIT Ústav počítačového inžinierstva a aplikovanej informatiky  |X 112449  |U I400  |Y 672  |7 112449 
856 4 |u http://is.stuba.sk/zp/portal_zp.pl?podrobnosti=169857